Statistiques concernant Buteurs Real Madrid Supercopa 2024

Cliquez ici pour prendre le quiz!

Statistiques générales

  • Ce quiz a été pris 44 fois
  • Le résultat moyen est 6 sur 7

Statistiques - réponses

ButsJoueurs% Correct
1Rodrygo
100%
3Vinicius Junior
98%
1Joselu
83%
1Antonio Rüdiger
73%
1Brahim Diaz
71%
1Daniel Carvajal
71%
1Ferland Mendy
63%

Distribution des résultats

Percentile par nombre de réponses

% des personnes avec chaque résultat

Votre développement - résultats

Vous n’avez pas pris ce quiz